000 00467nam a2200181Ia 4500
001 11376
005 20260306162823.0
008 260306t2017||||xx |||||||||||||| ||spa||
041 _aESP
082 _a985.04
_bCH579
100 _aChust, Manuel
_eAUT
245 0 _aEl Perú en revolución:
_bindependencia y guerra: un proceso, 1780 - 1826
260 _c2017
300 _a345 páginas :
_c24 cm.
650 _aGEN
654 _aCHU
942 _cLIB
_dJUS
_fJUS
_2ddc
_n
999 _c11376
_d11376